[Event "Moscow MGSU Rector Cup"]
[Site "Moscow"]
[Date "2012.11.09"]
[Round "1"]
[White "Krylov, Vladimir"]
[Black "Belous, Vladimir"]
[Result "0-1"]
[WhiteElo "1882"]
[BlackElo "2554"]
[PlyCount "77"]
[EventDate "2012.11.09"]
[EventType "swiss (rapid)"]
[EventRounds "11"]
[EventCountry "RUS"]
[SourceTitle "EXT 2013"]
[Source "ChessBase"]
[SourceDate "2012.11.22"]
[SourceVersion "1"]
[SourceVersionDate "2012.11.22"]
[SourceQuality "1"]

1. e4 c5 2. Nc3 Nc6 3. g3 g6 4. Bg2 Bg7 5. f4 e6 6. Nf3 Nge7 7. 0-0 0-0 8. d3 Nd4 9. Ne2 Nxf3+ 10. Bxf3 d5 11. c3 d4 12. c4 e5 13. g4 exf4 14. Nxf4 Nc6 15. h3 Ne5 16. Bg2 Rb8 17. Nd5 b5 18. b3 Be6 19. Bf4 bxc4 20. bxc4 Rb2 21. Rf2 Rxf2 22. Kxf2 Qa5 23. Qb3 Kh8 24. Ke2 f5 25. gxf5 gxf5 26. Bxe5 Bxe5 27. Qb7 Qd8 28. Qe7 Qxe7 29. Nxe7 fxe4 30. Bxe4 Bxh3 31. Rh1 Bg4+ 32. Kd2 Rf2+ 33. Ke1 Re2+ 34. Kf1 Bh2 35. Nf5 Rxa2 36. Nh4 Bh3+ 37. Bg2 Bxg2+ 38. Nxg2 Ra1+ 39. Ne1 0-1

[Event "Kimry-ch 60th"]
[Site "Kimry"]
[Date "2012.01.04"]
[Round "5"]
[White "Krylov, Vladimir"]
[Black "Milkin, Sergey"]
[Result "1-0"]
[WhiteElo "1862"]
[BlackElo "2013"]
[PlyCount "85"]
[EventDate "2012.01.02"]
[EventType "swiss"]
[EventRounds "9"]
[EventCountry "RUS"]
[SourceTitle "CBM 146 Extra"]
[Source "ChessBase"]
[SourceDate "2012.02.29"]
[SourceVersion "1"]
[SourceVersionDate "2012.02.29"]
[SourceQuality "1"]

1. c3 d5 2. g3 c5 3. Bg2 Nf6 4. d4 e6 5. Nf3 Be7 6. 0-0 0-0 7. Nbd2 Nc6 8. Re1 cxd4 9. cxd4 b5 10. a3 a5 11. b3 Qb6 12. Bb2 Rd8 13. Rc1 Bb7 14. e3 Rac8 15. h3 b4 16. a4 Ba6 17. Bf1 Bxf1 18. Kxf1 Ne4 19. Nxe4 dxe4 20. Nd2 f5 21. Qe2 Bf6 22. Rc5 Rd5 23. Rec1 Rxc5 24. Rxc5 Ne7 25. Qc4 Rxc5 26. dxc5 Qc6 27. Bxf6 gxf6 28. Qd4 Nd5 29. Nc4 e5 30. Nxa5 exd4 31. Nxc6 d3 32. Ke1 Kf7 33. a5 Ke8 34. a6 Kd7 35. Nxb4 Nc7 36. a7 Na8 37. Na6 Kc6 38. b4 Kb7 39. b5 Kxa7 40. Kd2 Kb7 41. f3 Nc7 42. Nxc7 Kxc7 43. g4 1-0

[Event "Kimry Summer op"]
[Site "Kimry"]
[Date "2011.06.08"]
[Round "2"]
[White "Krylov, Vladimir"]
[Black "Kolpakov, Nikolay Anastasievi"]
[Result "1-0"]
[WhiteElo "1912"]
[BlackElo "2215"]
[PlyCount "59"]
[EventDate "2011.06.08"]
[EventType "tourn"]
[EventRounds "7"]
[EventCountry "RUS"]
[SourceTitle "CBM 142 Extra"]
[Source "ChessBase"]
[SourceDate "2011.06.27"]
[SourceVersion "1"]
[SourceVersionDate "2011.06.27"]
[SourceQuality "1"]

1. c3 f5 2. d4 Nf6 3. g3 g6 4. Bg2 Bg7 5. Bf4 d6 6. Nd2 Nc6 7. Ngf3 0-0 8. Qb3+ e6 9. Ng5 Qe7 10. e4 h6 11. Nh3 Kh7 12. 0-0-0 fxe4 13. Nxe4 Nxe4 14. Bxe4 e5 15. Ng5+ hxg5 16. h4 gxf4 17. h5 Bf5 18. hxg6+ Kxg6 19. Bxf5+ Rxf5 20. Qxb7 Qe8 21. gxf4 exf4 22. Qxc7 Rg5 23. Qxd6+ Bf6 24. Rde1 Rd8 25. Qxf4 Qd7 26. Rh6+ Kxh6 27. Qxf6+ Kh5 28. Rh1+ Kg4 29. Rg1+ Kh3 30. Qxg5 1-0

[Event "Moscow Region Spring-B"]
[Site "Serpukhov"]
[Date "2011.04.30"]
[Round "1"]
[White "Krylov, Vladimir"]
[Black "Basyrov, Ruslan"]
[Result "0-1"]
[WhiteElo "1912"]
[BlackElo "1772"]
[PlyCount "82"]
[EventDate "2011.04.30"]
[EventType "tourn"]
[EventRounds "9"]
[EventCountry "RUS"]
[SourceTitle "EXT 2022"]
[Source "ChessBase"]
[SourceDate "2021.10.06"]
[SourceVersion "1"]
[SourceVersionDate "2021.10.06"]
[SourceQuality "1"]

1. Nf3 d5 2. g3 Bf5 3. Bg2 Nf6 4. d3 e6 5. 0-0 Bc5 6. c4 c6 7. Nbd2 Nbd7 8. Qc2 0-0 9. e4 dxe4 10. dxe4 Bg6 11. Nh4 Bh5 12. Nb3 Bb6 13. c5 Bc7 14. f4 b6 15. h3 bxc5 16. Be3 Qe7 17. Nf3 h6 18. Rac1 Rab8 19. Nbd2 Rfd8 20. Nc4 Bxf3 21. Bxf3 e5 22. f5 Nb6 23. Na5 Qe8 24. Bxc5 Nbd7 25. Nxc6 Nxc5 26. Nxd8 Bb6 27. Kg2 Rxd8 28. b4 Nd3 29. Rb1 Rd4 30. Qc3 Qd7 31. Rb3 Qb7 32. Rd1 Nxe4 33. Qxd4 Bxd4 34. Rdxd3 Qc7 35. Bxe4 Qc2+ 36. Kf3 Qxa2 37. b5 h5 38. Rxd4 exd4 39. Rd3 Qc4 40. Kf4 f6 41. g4 Qxb5 0-1

[Event "Moscow op-E"]
[Site "Moscow"]
[Date "2011.02.03"]
[Round "6.239"]
[White "Krylov, Vladimir"]
[Black "Kryukov, Anton"]
[Result "0-1"]
[WhiteElo "1935"]
[BlackElo "1935"]
[PlyCount "64"]
[EventDate "2011.01.29"]
[EventType "swiss"]
[EventRounds "9"]
[EventCountry "RUS"]
[SourceTitle "EXT 2022"]
[Source "ChessBase"]
[SourceDate "2021.10.06"]
[SourceVersion "1"]
[SourceVersionDate "2021.10.06"]
[SourceQuality "1"]

1. e4 g6 2. d4 Bg7 3. c4 c5 4. d5 d6 5. Nc3 e5 6. Bd3 Nh6 7. h3 0-0 8. g4 f5 9. g5 Nf7 10. Nf3 f4 11. h4 Bg4 12. Be2 h5 13. gxh6 Bf6 14. Rg1 Bxf3 15. Bxf3 Kh7 16. h5 g5 17. Bg4 Nxh6 18. Qf3 Na6 19. Bd2 Nc7 20. a4 b6 21. a5 Qe8 22. Ke2 b5 23. cxb5 Nxb5 24. Qd3 Nd4+ 25. Kd1 Nxg4 26. Rxg4 Qxh5 27. f3 Qh1+ 28. Be1 Rab8 29. Ne2 Nxf3 30. Qc3 Qxe1+ 31. Qxe1 Nxe1 32. Kxe1 Rxb2 0-1

[Event "Kimry op Jan"]
[Site "Kimry"]
[Date "2011.01.06"]
[Round "8"]
[White "Pavlova, Kseniia"]
[Black "Krylov, Vladimir"]
[Result "1/2-1/2"]
[WhiteElo "1815"]
[BlackElo "1935"]
[PlyCount "101"]
[EventDate "2011.01.02"]
[EventType "swiss"]
[EventRounds "9"]
[EventCountry "RUS"]
[SourceTitle "CBM 140 Extra"]
[Source "ChessBase"]
[SourceDate "2011.03.01"]
[SourceVersion "1"]
[SourceVersionDate "2011.03.01"]
[SourceQuality "1"]

1. Nf3 c5 2. g3 Nc6 3. Bg2 d5 4. d4 e6 5. c4 dxc4 6. Qa4 Qa5+ 7. Qxa5 Nxa5 8. 0-0 b5 9. Bd2 b4 10. Bf4 Bb7 11. Rd1 Nf6 12. Bc7 Nc6 13. dxc5 Bxc5 14. Ne5 Rc8 15. Nxc6 Bxc6 16. Bxc6+ Ke7 17. Be5 Rxc6 18. Bxf6+ gxf6 19. e3 Rhc8 20. a3 a5 21. axb4 axb4 22. Rc1 Bd6 23. f4 f5 24. Kf2 Rc5 25. Rc2 Rd5 26. Ke2 Kf6 27. Ra4 Rb5 28. Ra6 Bf8 29. e4 fxe4 30. Nd2 c3 31. bxc3 bxc3 32. Rxc3 Rxc3 33. Nxe4+ Kf5 34. Nxc3 Rb2+ 35. Kd3 Rxh2 36. Ra5+ Kg4 37. Rg5+ Kf3 38. Nb5 Rg2 39. Nd4+ Kf2 40. Ne2 Ke1 41. Re5 Bd6 42. Re4 Kf2 43. Ra4 Rxg3+ 44. Nxg3 Kxg3 45. Ra7 Bxf4 46. Rxf7 h5 47. Ke4 e5 48. Rg7+ Kh3 49. Kf3 h4 50. Rg6 Kh2 51. Rg4 1/2-1/2